000 02083nam a22004697a 4500
001 12127784
003 OSt
005 20210426115414.0
008 000802s2001 nyua bf 001 0 eng
010 _a 00061962
020 _a0471403040 (cloth : alk. paper)
040 _aDLC
_cDLC
_dDLC
_beng
041 _aeng
050 0 0 _aHD62.6
_b.N662 2001
080 _a336
_bG-78
082 0 0 _a658.15/224
_221
100 _9715
_aGreenfield, M. James
_eEditor
245 0 4 _aThe nonprofit handbook.
_pFund raising /
_cedited by James M. Greenfield.
_b/ by: John Wiley and Sons Inc
246 3 0 _aFund raising
250 _a3rd edition
260 _aNew York :
_bJohn Wiley and Sons Inc
_c2001.
300 _axxii, 1154 p. :
_bill.
_c26 cm.
440 4 _aThe AFP/Wiley fund development series
500 _aIncludes the following supplements: 2002-< > supplement.
504 _aIncludes bibliographical references and index.
650 0 _aNonprofit organizations
_xManagement
_vHandbooks, manuals, etc.
650 0 _aFinances
_9454
650 0 _aNonprofit organizations
_xFinance
_vHandbooks, manuals, etc.
650 0 _aTotal quality management
_vHandbooks, manuals, etc.
650 0 _aFund raising
_vHandbooks, manuals, etc.
653 _aფინანსები
653 _aმართვა
653 _aდაფინანსების მოძიება
700 1 _aGreenfield, James M.,
_d1936-
740 0 2 _aNonprofit handbook.
_pFund raising.
_pSupplement.
856 4 2 _3Contributor biographical information
_uhttp://www.loc.gov/catdir/bios/wiley042/00061962.html
856 4 2 _3Publisher description
_uhttp://www.loc.gov/catdir/description/wiley035/00061962.html
856 4 _3Table of Contents
_uhttp://www.loc.gov/catdir/toc/onix06/00061962.html
906 _a7
_bcbc
_corignew
_d1
_eocip
_f19
_gy-gencatlg
942 _2udc
_cBK
_e3
999 _c1017
_d1017